The milkman's cow / (Record no. 21413)

MARC details
000 -LEADER
fixed length control field 02952nam a22003857a 4500
005 - DATE AND TIME OF LATEST TRANSACTION
control field 20090119143636.0
008 - FIXED-LENGTH DATA ELEMENTS--GENERAL INFORMATION
fixed length control field 090119t xxu||||| |||| 00| 1 eng d
010 ## - LCCN (DPL NO)
LC control number B-344217-227
020 ## - INTERNATIONAL STANDARD BOOK NUMBER
International Standard Book Number 8170119731
Terms of availability 20.00
020 ## - INTERNATIONAL STANDARD BOOK NUMBER
International Standard Book Number 978170119738
Terms of availability 20.00
035 ## - SYSTEM CONTROL NUMBER
System control number B-344217-227
037 ## - SOURCE OF ACQUISITION
Source of stock number/acquisition Tarun Books
040 ## - CATALOGING SOURCE
Original cataloging agency dpl
Language of cataloging English
082 ## - DEWEY DECIMAL CLASSIFICATION NUMBER
Classification number S
100 ## - MAIN ENTRY--PERSONAL NAME
Personal name Pradhan, Vidya
110 ## - MAIN ENTRY--CORPORATE NAME
Corporate name or jurisdiction name as entry element illustrated by Saurabh Pandey
245 ## - TITLE STATEMENT
Title The milkman's cow /
Statement of responsibility, etc by Vidya Pradhan; illustrated by Saurabh Pandey
Medium English
260 ## - PUBLICATION, DISTRIBUTION, ETC. (IMPRINT)
Place of publication, distribution, etc New Delhi
Name of publisher, distributor, etc Children Book Trust
Date of publication, distribution, etc 2009 (repr.)
270 ## - ADDRESS
Address Nehru House, 4 Bahadur Shah Zafar Marg
City New Delhi
Postal code 110002
Telephone number 23316970-74
Fax number 23721090
Electronic mail address cbtnd@vsnl.com
300 ## - PHYSICAL DESCRIPTION
Extent 24p.
Dimensions 18cm. (pbk)
Other physical details col. ill.
700 ## - ADDED ENTRY--PERSONAL NAME
Personal name Pandey, Saurabh
942 ## - ADDED ENTRY ELEMENTS (KOHA)
Source of classification or shelving scheme Dewey Decimal Classification
Item type Children Books
Classification part S
Call number suffix PRA
Holdings
Withdrawn status Lost status Source of classification or shelving scheme Damaged status Not for loan Collection code Home library Current library Date acquired Source of acquisition Cost, normal purchase price Total Checkouts Total Renewals Full call number Barcode Date last seen Copy number Cost, replacement price Koha item type
    Dewey Decimal Classification     Fiction Bawana Bawana 25/08/2009 Tarun Books/3939/15.5.09/13/23.4.09/4.7.09 20.00 1   S PRA B-344225 16/03/2020 1 20.00 Children Books
    Dewey Decimal Classification     Fiction Central Library Central Library 25/08/2009 Tarun Books/3939/15.5.09/13/23.4.09/4.7.09 20.00 1 1 S PRA B-344217 01/06/2019 1 20.00 Children Books
    Dewey Decimal Classification     Fiction Jor Bagh (Children Lib) Jor Bagh (Children Lib) 25/08/2009 Tarun Books/3939/15.5.09/13/23.4.09/4.7.09 20.00     S PRA B-344221 25/08/2009 1 20.00 Children Books
    Dewey Decimal Classification     Fiction Karol Bagh Karol Bagh 25/08/2009 Tarun Books/3939/15.5.09/13/23.4.09/4.7.09 20.00     S PRA B-344223 25/08/2009 1 20.00 Children Books
  Written-off vide DLB M. No. 383 dt 16.05.19 Dewey Decimal Classification     Fiction Narela Narela 25/08/2009 Tarun Books/3939/15.5.09/13/23.4.09/4.7.09 20.00     S PRA B-344224 25/08/2009 1 20.00 Children Books
  Written-off vide DLB M. No. 383 dt 16.05.19 Dewey Decimal Classification     Fiction Patel Nagar Patel Nagar 25/08/2009 Tarun Books/3939/15.5.09/13/23.4.09/4.7.09 20.00     S PRA B-344218 25/08/2009 1 20.00 Children Books
    Dewey Decimal Classification     Fiction Peshwa Road Peshwa Road 25/08/2009 Tarun Books/3939/15.5.09/13/23.4.09/4.7.09 20.00     S PRA B-344219 25/08/2009 1 20.00 Children Books
    Dewey Decimal Classification     Fiction Sarojini Nagar Sarojini Nagar 25/08/2009 Tarun Books/3939/15.5.09/13/23.4.09/4.7.09 20.00 3 1 S PRA B-344220 05/08/2019 1 20.00 Children Books
  Written-off vide DLB M. No. 383 dt 16.05.19 Dewey Decimal Classification     Fiction Shahdara Branch Shahdara Branch 25/08/2009 Tarun Books/3939/15.5.09/13/23.4.09/4.7.09 20.00     S PRA B-344226 25/08/2009 1 20.00 Children Books
  Written-off vide DLB M. No. 383 dt 16.05.19 Dewey Decimal Classification     Fiction Vinoba Puri Vinoba Puri 25/08/2009 Tarun Books/3939/15.5.09/13/23.4.09/4.7.09 20.00 1   S PRA B-344222 25/11/2009 1 20.00 Children Books
  Written-off vide DLB M. No. 383 dt 16.05.19 Dewey Decimal Classification     Fiction Yojana Vihar Yojana Vihar 25/08/2009 Tarun Books/3939/15.5.09/13/23.4.09/4.7.09 20.00     S PRA B-344227 25/08/2009 1 20.00 Children Books

© Delhi Public Library
Hit Counter
free hit counter